• 首页
  • 本馆介绍
  • 公告通知
  • 最新文献
  • 馆藏检索
  • 电子资源
  • 读者导购
  • 参考咨询
  • 我的图书馆
  • 登录
  • 详细信息显示
  • 放入我的书架
  • 预约/预借图书
  • 作者相关作品
  • 分类相关作品
  • 丛书相关作品
  • 出版社相关作品

书目信息

  • 表格格式
  • 工作单格式
  • 卡片格式
题名:
环境污染防治的监测技术研究
    
 
作者: 张淑兰 , 张海军 著
分册:  
出版信息: 北京   中国纺织出版社  2018
页数: 214页
开本: 24cm
丛书名:
单 册:
中图分类: X502
科图分类:
主题词: 污染防治--污染测定--研究
电子资源:
ISBN: 978-7-5180-3926-5
000 01009nam0 2200253 450
001 012001002990
005 20140126131132.0
010    @a978-7-5180-3926-5@dCNY59.50
100    @a20181129d2018 em y0chiy50 ea
101 0  @achi
102    @aCN@b110000
105    @ay z 000yy
106    @ar
200 1  @a环境污染防治的监测技术研究@9huan jing wu ran fang zhi de jian ce ji shu yan jiu@f张淑兰,张海军著
210    @a北京@c中国纺织出版社@d2018
215    @a214页@d24cm
300    @a本著作受国家自然科学基金项目、黑龙江省普通本科高等学校青年创新人才培养计划资助项目 黑龙江省教育厅科学技术研究面上项目资助
330    @a本书共8章,主要内容包括引言、水体污染监测技术,空气污染监测技术,土壤污染监测技术,固体废物污染监测技术,生物污染监测技术,物理性污染监测技术,环境污染防治的监测新技术。
606 0  @a污染防治@x污染测定@x研究
690    @aX502@v5
701  0 @a张淑兰@9zhang shu lan@4著
701  0 @a张海军@9zhang hai jun@4著
801  0 @aCN@b北京卓展@c20191020
905    @b1210004-7@dX502@e208@f4
    
    环境污染防治的监测技术研究/张淑兰,张海军著.-北京:中国纺织出版社,2018
    214页;24cm
    本著作受国家自然科学基金项目、黑龙江省普通本科高等学校青年创新人才培养计划资助项目 黑龙江省教育厅科学技术研究面上项目资助
    
    ISBN 978-7-5180-3926-5:CNY59.50
    本书共8章,主要内容包括引言、水体污染监测技术,空气污染监测技术,土壤污染监测技术,固体废物污染监测技术,生物污染监测技术,物理性污染监测技术,环境污染防治的监测新技术。
●
相关链接 在E读中查询图书 在五车中查询图书 在当当中查询图书 在豆瓣中查询图书


正题名:环境污染防治的监测技术研究     索取号:X502/208         预约/预借

序号 登录号 条形码 馆藏地/架位号 状态 备注
1 1210004   212100046   第二样本阅览室/ [索取号:X502/208] 在馆    
2 1210005   212100055   第三借阅区/ [索取号:X502/208] 在馆    
3 1210006   212100064   第三借阅区/ [索取号:X502/208] 在馆    
4 1210007   212100073   第三借阅区/ [索取号:X502/208] 在馆    
唐山师范学院图书馆 欢迎您!
大连网信软件有限公司© 版权所有